000 00434nab a2200145Ia 4500
003 ES-SlBCS
005 20210601134616.0
008 140529s1994 xxu||||| |||| 00| 0 spa d
041 _aspa
100 1 _aMartínez M., Miguel
_9220387
245 0 0 _aHacia un nuevo paradigma de la racionalidad
_c Miguel Martínez M.
650 0 4 _aRacionalidad
_9131286
773 0 _tAnthropos
_gvol. 15, nº. 28, 1994, págs. 55-78
_wRev38
942 _cAR
999 _c615226
_d615226